000 00582nam a2200181Ia 4500
003 GCL
008 140319s9999 xx 000 0 ara d
040 _aGCL /
_cGCL
082 0 4 _aد
_b050
100 1 _aمصطفى ناصف
245 1 0 _aاللغة والتفسير والتواصل (عالم المعرفة 193) /
_cمصطفى ناصف
260 _a[S.N] :
_bالمجلس الوطنى للثقافة والفنون والاداب ،
_c1995
300 _a360 ص
490 _aعالم المعرفة
_v0
650 0 4 _aفلسفة
650 0 4 _aالبلاغة
942 _2ddc
_cBK
999 _c32706
_d32706